000
00335nam a2200133Ia 4500
008
221007s9999 xx 000 0 und d
020
_a
11004
041
_a
eng
082
_b
DAL
100
_a
Dalal C
_9
49318
245
_a
Fraud Detection : A Practical Approach for Auditors
260
_c
2006
_b
BCA Society
_a
Mumbai
906
_b
General
999
_c
60982
_d
60982